00835nam a2200193 i 450000100060000000300090000600500170001500700030003200800410003511100730007624500640014926000920021330000390030571000760034474000500042085200320047099900170050295201220051946525ES-MaACL20230906161412.0t|030331s1962 sp ||||1| spa d2 aCongreso Nacional de Arqueología (n7º. d1960. cBarcelona)951710aVII Congreso Nacional de Arqueología b: Barcelona, 1960. a[Zaragoza : bSecretaría General de los Congresos Arqueológicos Nacionales],c1962. aVIII, 476 p., 96 lám. ; c24 cm.2 aSecretaría General de los Congresos Arqueológicos Nacionales.965200 aSéptimo Congreso Nacional de Arqueología. aES-MaACLjC-22844 bR.51494 c46525d46525 00104070aATENEOMbATENEOMcDEPO2d2008-01-17eSCl0oC-22844p1048929r2023-02-23 00:00:00w2023-02-23yMONOGRAFIA